| 000 | 00482nam a22001577a 4500 | ||
|---|---|---|---|
| 005 | 20251108172244.0 | ||
| 008 | 250721s1990 xx 000 0 ara d | ||
| 082 | 1 | 4 | _a956.4/أحم |
| 100 | 1 | _aالجدع، أحمد | |
| 245 | 1 | 0 |
_aصراعنا مع اليهود : _bمن اين و إلى أين / |
| 264 | 1 |
_aعمان : _bدار الضياء للنشر و التوزيع، _c1990. |
|
| 300 | _a105ص | ||
| 650 | 1 | 7 | _aتاريخ فلسطين |
| 942 |
_2ddc _cBK |
||
| 999 |
_c74366 _d74366 |
||